Statistics for アメダス観測地点

Click here to take the quiz!

General Stats

  • This quiz has been taken 73 times
  • The average score is 306 of 1315

Answer Stats

Pref.No.Answer% Correct
宗谷11016稚内
86%
沖縄91081
84%
熊本86477
81%
渡島23232函館
77%
岡山66112
77%
日高22106
77%
三重53133
77%
三重53133
77%
上川12442旭川
77%
留萌13277留萌
74%
静岡50296
72%
青森31312青森
72%
神奈川46106横浜
72%
青森31602八戸
70%
石狩14163札幌
70%
石狩14163札幌
70%
福島36127福島
70%
福島36127福島
70%
オホーツク17341網走
70%
青森31602八戸
70%
岩手33431盛岡
70%
沖縄91021
70%
釧路19432釧路
70%
長野48156長野
67%
福島36781
67%
後志16091小樽
67%
十勝20432帯広
67%
青森31461弘前
67%
十勝20432帯広
67%
オホーツク17521北見
67%
茨城40201水戸
67%
胆振21187苫小牧
67%
根室18273根室
67%
愛知51106名古屋
67%
上川12041音威子府
65%
秋田32402秋田
65%
山形35426山形
65%
山梨49142甲府
65%
胆振21323室蘭
65%
石狩14121石狩
65%
岩手33136山形
65%
高知74436佐賀
63%
渡島23031長万部
63%
佐賀85142佐賀
63%
十勝20631大津
63%
青森31296五所川原
63%
奈良64036奈良
63%
大阪62078大阪
63%
大阪62078大阪
63%
奈良64036奈良
63%
滋賀60216大津
63%
島根68132松江
63%
上川12626富良野
63%
千葉45212千葉
63%
宗谷11001宗谷岬
60%
群馬42251前橋
60%
愛媛73166松山
60%
東京44132東京
60%
宮城34392仙台
60%
東京44132東京
60%
岡山66408岡山
60%
愛媛73166松山
60%
胆振21297伊達
60%
東京44112八王子
60%
岡山66408岡山
60%
群馬42251前橋
60%
岩手33911一関
60%
渡島23166
60%
栃木41277宇都宮
60%
兵庫63518神戸
60%
埼玉43241さいたま
60%
兵庫63518神戸
60%
静岡50331静岡
60%
静岡50196富士
60%
山口81428下関
58%
千葉45106船橋
58%
新潟54191下関
58%
渡島23281高松
58%
上川12411上川
58%
沖縄91197那覇
58%
京都61286京都
58%
京都61286京都
58%
上川12181名寄
58%
長崎84496長崎
58%
山口81428下関
58%
富山55102富山
58%
千葉45121成田
58%
山口81286山口
58%
長野48361松本
58%
十勝20441池田
58%
埼玉43156秩父
58%
千葉45147銚子
58%
群馬42146沼田
58%
福島36476郡山
58%
空知15161深川
58%
空知15442夕張
58%
香川72086高松
58%
徳島71066池田
58%
静岡50456浜松
58%
石狩14116山口
58%
福島36361若松
58%
鹿児島88317鹿児島
58%
鳥取69122鳥取
58%
群馬42121草津
58%
空知15241滝川
58%
宮崎87376宮崎
56%
宗谷11046礼文
56%
茨城40336つくば
56%
徳島71106徳島
56%
徳島71106徳島
56%
大分83051中津
56%
千葉45401館山
56%
福井57066福井
56%
長野48767飯田
56%
埼玉43056熊谷
56%
島根68091鹿島
56%
山形35052酒田
56%
三重53112上野
56%
福岡82182福岡
56%
岐阜52586岐阜
56%
高知74181高知
56%
神奈川46166小田原
56%
青森31586十和田
56%
愛知51331豊橋
56%
熊本86141熊本
56%
空知15451鹿島
56%
熊本86141熊本
56%
福岡82182福岡
56%
島根68156出雲
53%
島根68246大田
53%
広島67437広島
53%
千葉45282木更津
53%
青森31411七戸
53%
和歌山65042和歌山
53%
広島67136八幡
53%
和歌山65042和歌山
53%
広島67437広島
53%
福岡82056八幡
53%
秋田32286男鹿
53%
留萌13311増毛
53%
宮城34461白石
53%
福井57248敦賀
53%
茨城40341土浦
53%
石狩14296千歳
53%
岐阜52331八幡
53%
佐賀85166白石
53%
山形35552米沢
53%
新潟54232新潟
53%
オホーツク17112紋別
53%
山形35141鶴岡
53%
宮城34026気仙沼
53%
石川56227金沢
53%
新潟54232新潟
53%
福岡82306久留米
53%
岩手33071二戸
53%
三重53061四日市
51%
秋田32691湯沢
51%
長野48256上田
51%
兵庫63383姫路
51%
青森31111むつ
51%
大阪62091
51%
新潟54501長岡
51%
日高22036日高
51%
岡山66446倉敷
51%
新潟54841湯沢
51%
宮城34216古川
51%
栃木41376小山
51%
檜山24217江差
51%
兵庫63496明石
51%
茨城40136日立
51%
鳥取69006
51%
岩手33472宮古
51%
京都61111舞鶴
51%
渡島23326木古内
51%
愛知51011一宮
49%
青森31001大間
49%
群馬42091みなかみ
49%
山梨49161大月
49%
渡島23376松前
49%
岐阜52146高山
49%
空知15356岩見沢
49%
大分83216大分
49%
兵庫63051豊岡
49%
東京44056青梅
49%
静岡50066富士山
49%
広島67401福山
49%
岩手33716北上
49%
京都61187福知山
49%
宮城34292石巻
49%
兵庫63251一宮
49%
釧路19376太田
49%
岩手33576花巻
49%
埼玉43266所沢
49%
青森31721三戸
49%
和歌山65121清水
47%
岩手33616山田
47%
茨城40406鹿嶋
47%
鳥取69076米子
47%
檜山24101奥尻
47%
静岡50261清水
47%
長野48331軽井沢
47%
長野48331軽井沢
47%
長野48141白馬
47%
福島36836山田
47%
長野48491諏訪
47%
東京44116府中
47%
愛知51116豊田
47%
愛知51247新城
47%
福島36501川内
47%
山形35162新庄
47%
秋田32551大曲
47%
広島67326府中
47%
長野48491諏訪
47%
千葉45371勝浦
47%
宮崎87141延岡
47%
空知15216新城
47%
留萌13061天塩
47%
十勝20356新得
47%
高知74516清水
47%
鹿児島88151川内
47%
宗谷11176豊富
47%
上川12261士別
47%
後志16272ニセコ
47%
山口81266豊田
47%
宮崎87141延岡
47%
熊本86336八代
47%
奈良64136吉野
44%
滋賀60131彦根
44%
茨城40231下館
44%
十勝20421芽室
44%
山梨49251河口湖
44%
秋田32136大館
44%
静岡50536磐田
44%
静岡50466掛川
44%
栃木41371栃木
44%
愛知51226岡崎
44%
秋田32596横手
44%
後志16217倶知安
44%
岩手33086大野
44%
オホーツク17306遠軽
44%
石川56052輪島
44%
石川56276小松
44%
福井57121大野
44%
栃木41361佐野
44%
岡山66186津山
44%
滋賀60061長浜
44%
埼玉43126久喜
44%
宗谷13011幌延
44%
青森31136今別
44%
長野48066飯山
44%
上川12011中川
44%
東京44172大島
44%
島根68376浜田
44%
愛媛73256長浜
44%
東京44301父島
44%
宗谷11206浜頓別
44%
神奈川46161箱根
44%
千葉45261茂原
44%
長野48386佐久
44%
愛媛73406宇和
44%
神奈川46091海老名
44%
愛媛73442宇和島
44%
千葉45361鴨川
44%
長崎84266佐世保
42%
愛媛73126西条
42%
福井57317小浜
42%
オホーツク17561斜里
42%
群馬42302伊勢崎
42%
根室18136標津
42%
兵庫63477西宮
42%
福島36667白河
42%
岩手33877大船渡
42%
岩手33751釜石
42%
根室18171中標津
42%
宮城34436名取
42%
静岡50551御前崎
42%
オホーツク17531女満別
42%
兵庫63571洲本
42%
群馬42366館林
42%
秋田32466角館
42%
埼玉43256越谷
42%
青森31466黒石
42%
青森31506三沢
42%
上川12746占冠
42%
鹿児島88486指宿
42%
栃木41271鹿沼
42%
静岡50136御殿場
42%
岡山66221新見
42%
胆振21312登別
42%
秋田32111能代
42%
宮崎87426都城
42%
静岡50206三島
42%
和歌山65276新宮
42%
山口81071
42%
茨城40221古河
42%
岐阜52581大垣
40%
長野48191大町
40%
茨城40126中野
40%
岩手33671遠野
40%
オホーツク17596留辺蘂
40%
長野48621伊那
40%
石狩14136江別
40%
岩手33781江刺
40%
栃木41356足利
40%
栃木41091黒磯
40%
神奈川46211三浦
40%
沖縄94081石垣島
40%
後志16076余市
40%
富山55141砺波
40%
オホーツク17482白滝
40%
長崎84523島原
40%
新潟54711糸魚川
40%
熊本86271松島
40%
上川12141美深
40%
沖縄91107名護
40%
福島36426只見
40%
福島36291二本松
40%
三重53041桑名
40%
福島36151相馬
40%
福島36176喜多方
40%
長野48097小谷
40%
鳥取69101倉吉
40%
滋賀60102米原
40%
京都61201本庄
40%
岩手33146久慈
40%
大阪62051豊中
40%
青森31436深浦
40%
愛媛73341瀬戸
40%
島根68462益田
40%
福岡82361大牟田
40%
青森31332野辺地
40%
山口81321岩国
40%
秋田32476田沢湖
40%
渡島23226北斗
40%
釧路19416白糠
40%
渡島23086八雲
40%
秋田32571本荘
37%
宮城34296女川
37%
新潟54676十日町
37%
十勝20751広尾
37%
空知15321美唄
37%
福島36511富岡
37%
鹿児島88466枕崎
37%
鹿児島88406志布志
37%
上川12551美瑛
37%
群馬42266桐生
37%
静岡50386天竜
37%
栃木41331真岡
37%
新潟54086村上
37%
三重53378尾鷲
37%
山形35334東根
37%
山梨49316南部
37%
兵庫63411三田
37%
山梨49172上野原
37%
佐賀85033唐津
37%
秋田32616にかほ
37%
神奈川46136平塚
37%
千葉45116佐倉
37%
石川56146七尾
37%
東京44166羽田
37%
沖縄94017与那国島
37%
石川56036珠洲
37%
愛媛73076今治
37%
千葉45291牛久
37%
富山55041氷見
37%
広島67511
37%
富山55056魚津
37%
岐阜52606多治見
35%
十勝20146陸別
35%
三重53257鳥羽
35%
沖縄93041宮古島
35%
山口81436宇部
35%
秋田32266八幡平
35%
福島36411浪江
35%
秋田32146鹿角
35%
岐阜52557中津川
35%
大阪62096八尾
35%
山形35537中津川
35%
鹿児島88066出水
35%
鳥取69152大山
35%
茨城40191笠間
35%
胆振21276鵡川
35%
東京44263八丈島
35%
オホーツク17076興部
35%
新潟54651高田
35%
宮城34462蔵王
35%
富山55156大山
35%
富山55206八尾
35%
新潟54541柏崎
35%
新潟54396三条
35%
広島67106三次
35%
東京44316母島
35%
東京44263八丈島
35%
宗谷11276中頓別
35%
高知74271安芸
33%
愛媛73141新居浜
33%
渡島23191大沼
33%
山梨49086韮崎
33%
鹿児島88612種子島
33%
日高22391えりも岬
33%
山梨49256山中
33%
熊本86451水俣
33%
埼玉43051寄居
33%
宮崎87041高千穂
33%
茨城40311鉾田
33%
岡山66336高梁
33%
茨城40426龍ケ崎
33%
留萌13181羽幌
33%
茨城40091常陸大宮
33%
東京44281青ヶ島
33%
青森31551大鰐
33%
上川15076幌加内
33%
檜山24041せたな
33%
東京44191利島
33%
山形35332村山
33%
山形35486小国
33%
長崎84441諫早
33%
新潟54606小国
33%
三重53151白山
33%
根室18038羅臼
33%
岩手33421雫石
33%
釧路19346阿寒
33%
岐阜52461美濃
33%
佐賀85106鳥栖
30%
新潟54296新津
30%
上川12596上富良野
30%
オホーツク17166湧別
30%
鹿児島88442鹿屋
30%
上川12686金山
30%
上川15041朱鞠内
30%
岡山66501玉野
30%
栃木41141大田原
30%
群馬42341藤岡
30%
岐阜52406金山
30%
上川12396比布
30%
後志16252寿都
30%
オホーツク17316佐呂間
30%
根室18281納沙布
30%
東京44071練馬
30%
東京44207新島
30%
東京44216神津島
30%
東京44226三宅島
30%
大阪62046枚方
30%
岩手33326岩泉
30%
大分83371竹田
30%
沖縄94101大原
30%
大分83401佐伯
30%
上川12301和寒
30%
山形35116金山
30%
十勝20276足寄
30%
空知15251芦別
30%
熊本86467人吉
30%
福岡82186博多
30%
和歌山65226本宮
30%
福島36276猪苗代
30%
岐阜52081白川
30%
福島36342金山
30%
空知15311月形
30%
宮崎87181日向
30%
茨城40046北茨城
28%
十勝20696大樹
28%
空知15197雨竜
28%
広島67116庄原
28%
宮城34471亘理
28%
根室18311厚床
28%
宮崎87346えびの
28%
長崎84072厳原
28%
山口81371防府
28%
石狩14101新篠津
28%
埼玉43231飯能
28%
胆振21261白老
28%
沖縄92011南大東
28%
日高22241静内
28%
日高22327浦河
28%
大分83137日田
28%
千葉45061我孫子
28%
千葉45081香取
28%
愛知51356田原
28%
神奈川46001相模湖
28%
滋賀60161近江八幡
28%
沖縄92006北大東
28%
鹿児島88686屋久島
28%
茨城40061大子
28%
後志16321黒松内
28%
三重53091亀山
28%
長野48836阿南
28%
十勝20266上士幌
28%
釧路19151標茶
28%
渡島23321知内
28%
留萌13121初山別
28%
オホーツク17091西興部
28%
後志16206蘭越
28%
岡山66481笠岡
28%
後志16286喜茂別
28%
十勝20506浦幌
28%
三重53141名張
26%
岩手33206普代
26%
空知15247赤平
26%
福島36641田島
26%
福島36307津島
26%
長崎84371大村
26%
愛知51281蒲郡
26%
高知74456中村
26%
大阪62037茨木
26%
高知74447宿毛
26%
東京44356南鳥島
26%
山形35456長井
26%
島根68516津和野
26%
秋田32096藤原
26%
大分83286臼杵
26%
オホーツク17631美幌
26%
秋田32126鷹巣
26%
後志16061神恵内
26%
宮崎87352小林
26%
福島36676石川
26%
長野48717南木曽
26%
大分83121杵築
26%
上川12451東川
26%
長野48606木曽福島
26%
長野48546辰野
26%
佐賀85116伊万里
26%
群馬42046藤原
26%
福岡82101行橋
26%
後志16156共和
26%
オホーツク17036雄武
26%
新潟54616小出
26%
新潟54166両津
26%
広島67376東広島
26%
埼玉43121鴻巣
26%
宗谷11291北見枝幸
26%
青森31201蟹田
26%
根室18256別海
26%
兵庫63461三木
26%
沖縄91146久米島
26%
鹿児島88286牧之原
26%
山形35231尾花沢
26%
長崎84171平戸
23%
富山55022朝日
23%
山口81301和田
23%
福井57001三国
23%
長崎84183松浦
23%
福井57286美浜
23%
長野48031野沢温泉
23%
沖縄94062西表島
23%
長崎84536福江
23%
山口81386下松
23%
佐賀85161嬉野
23%
高知74372室戸岬
23%
愛媛73351八幡浜
23%
福井57106武生
23%
高知74372室戸岬
23%
京都61326京田辺
23%
岩手33631湯田
23%
群馬42186中之条
23%
空知15156秩父別
23%
上川12501東神楽
23%
上川12231下川
23%
胆振21111厚真
23%
栃木41247那須烏山
23%
留萌13086遠別
23%
上川12256剣淵
23%
釧路19051弟子屈
23%
宮城34506丸森
23%
上川12266朝日
23%
空知15116石狩沼田
23%
岩手33501紫波
23%
山形35086浜中
23%
十勝20361鹿追
23%
新潟54586大潟
21%
熊本86101菊池
21%
静岡50561石廊崎
21%
胆振21161大滝
21%
沖縄94116波照間
21%
兵庫63016香住
21%
鹿児島88836名瀬
21%
富山55063宇奈月
21%
石狩14071厚田
21%
奈良64127五條
21%
福岡82331柳川
21%
栃木41166奥日光
21%
青森31366鰺ケ沢
21%
高知74311須崎
21%
福島36221飯舘
21%
福岡82191太宰府
21%
静岡50226佐久間
21%
広島67016高野
21%
空知15276浦臼
21%
宮城34331塩釜
21%
茨城40281下妻
21%
兵庫63331西脇
21%
福島36562湯本
21%
オホーツク17501生田原
21%
石川56186かほく
21%
日高22291三石
21%
福岡82136飯塚
21%
秋田32287大潟
21%
福井57082勝山
21%
秋田32311阿仁合
21%
釧路19191鶴居
21%
鳥取69246智頭
21%
京都61076宮津
21%
山形35511高畠
21%
オホーツク17386丸瀬布
21%
福井57176九頭竜
21%
留萌13146焼尻
21%
後志16126赤井川
21%
オホーツク17246常呂
21%
香川72111多度津
21%
徳島71136半田
21%
岩手33361滝沢
21%
滋賀60051今津
21%
十勝20606更別
19%
福岡82171前原
19%
宗谷11061声問
19%
兵庫63216柏原
19%
千葉45331大多喜
19%
滋賀60196東近江
19%
神奈川46141辻堂
19%
大分83126武蔵
19%
山形35216肘折
19%
高知74276田野
19%
十勝20341本別
19%
鹿児島88971沖永良部
19%
岐阜52571関ケ原
19%
石川56176羽咋
19%
福島36846小名浜
19%
岩手33441区界
19%
岡山66251赤磐
19%
山形35376左沢
19%
オホーツク17546小清水
19%
福島36846小名浜
19%
宮崎87406田野
19%
福島36611広野
19%
長野48571野辺山
19%
福岡82261朝倉
19%
和歌山65356潮岬
19%
石狩14026浜益
19%
富山55267猪谷
19%
山梨49151勝沼
19%
栃木41211足尾
19%
愛媛73306大洲
19%
オホーツク17717津別
19%
長野48296穂高
19%
胆振21031安平
19%
熊本86181宇土
19%
宮崎87501串間
16%
青森31386青森大谷
16%
岡山66306和気
16%
山口81481柳井
16%
新潟54157相川
16%
福島36571長沼
16%
福島36581玉川
16%
岐阜52556恵那
16%
鹿児島88061阿久根
16%
宮崎87293高鍋
16%
福島36391船引
16%
栃木41011那須高原
16%
福島36231原町
16%
日高22141日高門別
16%
鳥取69061岩井
16%
愛媛73151四国中央
16%
檜山24051今金
16%
後志16281真狩
16%
宗谷11316歌登
16%
愛媛73271中山
16%
愛媛73071玉川
16%
京都61242園部
16%
石川56116志賀
16%
鳥取69196若桜
16%
大阪62016能勢
16%
岩手33186葛巻
16%
岩手33026軽米
16%
埼玉43171鳩山
16%
宮城34111築館
16%
空知15431長沼
16%
宮城34186志津川
16%
大分83201湯布院
16%
兵庫63366上郡
16%
茨城40326坂東
16%
静岡50241川根本町
16%
空知15391栗沢
16%
新潟54836津南
16%
兵庫63121和田山
16%
静岡50106井川
16%
広島67496大竹
16%
岩手33611大槌
16%
東京44126世田谷
16%
オホーツク17196滝上
16%
秋田32296五城目
14%
佐賀85046北山
14%
オホーツク17351宇登呂
14%
和歌山65061高野山
14%
大分83106院内
14%
鹿児島88081大口
14%
岩手33371薮川
14%
岩手33856大東
14%
秋田32626矢島
14%
留萌13321幌糠
14%
大阪62111河内長野
14%
三重53326紀伊長島
14%
宮城34206加美
14%
岩手33006種市
14%
大分83021国見
14%
京都61306長岡京
14%
香川72061内海
14%
福島36251西会津
14%
山梨49036大泉
14%
青森31451
14%
島根68351川本
14%
高知74506三崎
14%
長野48601御嶽山
14%
島根68276横田
14%
高知74381江川崎
14%
島根68206佐田
14%
島根68166大東
14%
静岡50491松崎
14%
青森31646碇ケ関
14%
栃木41181塩谷
14%
青森31336六ケ所
14%
山梨49187富士川
14%
鹿児島88986与論島
14%
高知74187後免
14%
島根68022西郷
14%
沖縄91046国頭
14%
栃木41116土呂部
14%
沖縄91096粟国
14%
青森31482酸ケ湯
14%
長野48531開田高原
14%
福島36591小野新町
14%
岐阜52381樽見
14%
福岡82046宗像
14%
鹿児島88341大隅
14%
福島36536南郷
14%
長野48061信濃町
14%
長野48216菅平
14%
鹿児島88551佐多
14%
福島36461湖南
14%
東京44136江戸川臨海
14%
愛知51346伊良湖
14%
熊本86157南阿蘇
12%
オホーツク17541東藻琴
12%
宗谷11076浜鬼志別
12%
日高22206笹山
12%
神奈川46061日吉
12%
広島67461竹原
12%
兵庫63201生野
12%
茨城40391江戸崎
12%
栃木41241高根沢
12%
滋賀60226信楽
12%
福井57311大飯
12%
大阪62131熊取
12%
渡島24141熊石
12%
胆振21126穂別
12%
福井57206今庄
12%
宗谷11121沼川
12%
沖縄91151渡名喜
12%
岩手33801住田
12%
群馬42241榛名山
12%
沖縄91181渡嘉敷
12%
熊本86216三角
12%
埼玉43162ときがわ
12%
長野48321東御
12%
島根68401瑞穂
12%
長野48381立科
12%
上川12691幾寅
12%
宮城34276鹿島台
12%
兵庫63241佐用
12%
根室18161上標津
12%
岐阜52482黒川
12%
留萌13206古丹別
12%
岡山66127奈義
12%
岐阜52051神岡
12%
釧路19076阿寒湖畔
12%
上川12457瑞穂
12%
新潟54056高根
12%
福島36716桧枝岐
12%
沖縄91066本部
12%
大分83061豊後高田
12%
新潟54181中条
12%
兵庫63491家島
12%
青森31156脇野沢
12%
静岡50281網代
12%
沖縄91011伊是名
12%
兵庫63321福崎
12%
山形35002飛島
12%
熊本86316本渡
12%
和歌山65288南紀白浜
9%
香川72126香南
9%
和歌山65026かつらぎ
9%
岡山66171久世
9%
福岡82206添田
9%
滋賀60236土山
9%
神奈川46046相模原中央
9%
香川72146引田
9%
長崎84306西海
9%
和歌山65201川辺
9%
青森31186市浦
9%
秋田32071藤里
9%
秋田32056八森
9%
青森31662休屋
9%
鳥取69271茶屋
9%
胆振21237洞爺湖温泉
9%
大分83191玖珠
9%
岩手33296好摩
9%
兵庫63517神戸空港
9%
秋田32581東由利
9%
檜山24201
9%
大阪62081生駒山
9%
兵庫63551郡家
9%
広島67212加計
9%
根室18174根室中標津
9%
兵庫63588南淡
9%
島根68286福光
9%
胆振21226大岸
9%
岩手33336小本
9%
高知74071本山
9%
釧路19021川湯
9%
広島67316世羅
9%
愛媛73276久万
9%
長崎84122石田
9%
秋田32701東成瀬
9%
島根68456高津
9%
釧路19281塘路
9%
岩手33921千厩
9%
上川12632麓郷
9%
宮城34266大衡
9%
静岡50477静岡空港
9%
愛知51216大府
9%
富山55166上市
9%
長野48731飯島
9%
富山55091伏木
9%
福島36821東白川
9%
群馬42106片品
9%
熊本86161高森
9%
山形35246鼠ケ関
9%
栃木41311葛生
9%
新潟54816関山
9%
鹿児島88621中種子
9%
沖縄91121読谷
9%
鹿児島88371加世田
9%
宮崎87331西都
9%
栃木41172日光東町
9%
熊本86491牛深
9%
栃木41076五十里
9%
新潟54012粟島
9%
茨城40251美野里
9%
新潟54421津川
9%
鹿児島88781宝島
9%
石狩14206恵庭島松
9%
群馬42286上里見
9%
静岡50506稲取
9%
福島36066梁川
9%
長野48247聖高原
9%
東京44228三宅坪田
9%
岩手33711金ヶ崎
9%
東京44051小沢
9%
東京44046小河内
9%
福島36106桧原
9%
後志16026美国
9%
長野48196信州新町
9%
岐阜52511揖斐川
9%
岐阜52536美濃加茂
9%
徳島71291海陽
9%
千葉45181横芝光
9%
長野48346上高地
9%
宗谷11151沓形
9%
上川12471層雲峡
9%
群馬42396神流
9%
岩手33776若柳
9%
鹿児島88432喜入
7%
愛知51031愛西
7%
岐阜52181六厩
7%
愛知51077茶臼山
7%
十勝20371駒場
7%
十勝20551帯広泉
7%
鹿児島88776小宝島
7%
山口81397玖珂
7%
長崎84519雲仙岳
7%
十勝20071小利別
7%
広島67126東城
7%
十勝20186ぬかびら源泉郷
7%
鹿児島88536田代
7%
鹿児島88756諏訪之瀬島
7%
岡山66391矢掛
7%
山口81196秋吉台
7%
鹿児島88666上中
7%
長崎84519雲仙岳
7%
高知74361窪川
7%
島根68431弥栄
7%
千葉45326坂畑
7%
宗谷11091本泊
7%
日高22306中杵臼
7%
徳島71087穴吹
7%
日高22356目黒
7%
愛媛73001大三島
7%
渡島23206川汲
7%
渡島23356千軒
7%
鳥取69021塩津
7%
長野48363松本今井
7%
沖縄93012下地島
7%
長野48436白樺湖
7%
島根68436波佐
7%
長野48536木祖薮原
7%
静岡50476菊川牧之原
7%
長野48561原村
7%
群馬42221田代
7%
長野48716須原
7%
長野48737大鹿
7%
長野48826浪合
7%
長野48841南信濃
7%
島根68121斐川
7%
山梨49236切石
7%
静岡50247鍵穴
7%
静岡50371三ヶ日
7%
上川12386江丹別
7%
鹿児島88956伊仙
7%
鹿児島88931天城
7%
高知74296梼原
7%
青森31121小田野沢
7%
十勝20047三股
7%
釧路19311榊町
7%
岩手33166荒屋
7%
宮崎87251都農
7%
山形35176向町
7%
宮崎87231西米良
7%
山形35146狩川
7%
石狩14157手稲山
7%
宮崎87157椎葉
7%
新潟54387寺泊
7%
宮崎87086日之影
7%
大分83341犬飼
7%
宮城34171米山
7%
大阪62101関空島
7%
熊本86111阿蘇乙姫
7%
奈良64206上北山
7%
大分83431宇目
7%
富山55252五箇山
7%
大分83476蒲江
7%
岩手33226岩手松尾
7%
宮城34056鴬沢
7%
石川56093三井
7%
長崎84076美津島
7%
オホーツク17607境野
7%
オホーツク17116紋別小向
7%
石川56401舳倉島
7%
長崎84561口之津
7%
岩手33581大迫
7%
奈良64091葛城
7%
千葉45346鋸南
7%
鹿児島88131中甑
7%
釧路19261中徹別
7%
福島36196鷲倉
7%
秋田32312比立内
7%
福島36056茂庭
7%
和歌山65162龍神
7%
和歌山65306西川
7%
岐阜52346宮地
7%
胆振21251カルルス
5%
日高22072仁世宇
5%
オホーツク17642山園
5%
鹿児島88261東市来
5%
熊本86066南小国
5%
鹿児島88166溝辺
5%
熊本86086岱明
5%
長崎84012鰐浦
5%
鹿児島88447肝付前田
5%
十勝20202柏倉
5%
上川12066小車
5%
十勝20222上螺湾
5%
沖縄91241糸数
5%
上川12512志比内
5%
上川12217西風連
5%
沖縄93042鏡原
5%
日高22156新和
5%
沖縄93062仲筋
5%
長崎84341有川
5%
釧路19347鶴丘
5%
オホーツク17512仁頃山
5%
香川72121滝宮
5%
沖縄94086盛山
5%
釧路19406二俣
5%
長崎84361長浦岳
5%
長崎84597脇岬
5%
長崎84121芦辺
5%
オホーツク17211上藻別
5%
釧路19451知方学
5%
沖縄94001伊原間
5%
上川12607白金
5%
香川72161財田
5%
佐賀85176川副
5%
熊本86006鹿北
5%
胆振21171森野
5%
宮崎87361野尻
5%
空知15491沼の沢
5%
高知74391大正
5%
鹿児島88851喜界島
5%
山口81151徳佐
5%
宮崎87206神門
5%
宮崎87492油津
5%
十勝20601上札内
5%
十勝20556糠内
5%
大分83096耶馬渓
5%
宮崎87492油津
5%
宮崎87127諸塚
5%
鹿児島88821笠利
5%
十勝20451留真
5%
山口81116油谷
5%
鹿児島88706尾之間
5%
留萌13261達布
5%
宮崎87301加久藤
5%
福岡82317黒木
5%
石狩14191小金湯
5%
宮崎87071鞍岡
5%
山口81011須佐
5%
愛媛73446近永
5%
十勝20331押帯
5%
オホーツク17686置戸常元
5%
熊本86146益城
5%
山口81231広瀬
5%
オホーツク17776津別二又
5%
熊本86197山都
5%
熊本86236甲佐
5%
高知74056本川
5%
宮崎87066古江
5%
沖縄91141北原
5%
大分83226佐賀関
5%
高知74126繁藤
5%
高知74151魚梁瀬
5%
熊本86396田浦
5%
釧路19301茶内原野
5%
根室18091糸櫛別
5%
石狩14286支笏湖畔
5%
空知15231空知吉野
5%
愛知51056小原
5%
福井57071美山
5%
兵庫63116八鹿
5%
秋田32431田沢湖高原
5%
秋田32451雄和
5%
秋田32496大正寺
5%
秋田32681笹子
5%
兵庫63346後川
5%
秋田32771湯の岱
5%
兵庫63111大屋
5%
秋田32408仁別
5%
岩手33176奥中山
5%
岩手33201下戸鎖
5%
岩手33231一方井
5%
岩手33351葛根田
5%
京都61251京北
5%
京都61206美山
5%
秋田32426鎧畑
5%
秋田32407岩見三内
5%
山形35466上山中山
5%
和歌山65256栗栖川
5%
岡山66136今岡
5%
秋田32206湯瀬
5%
岐阜52041河合
5%
岐阜52111栃尾
5%
岡山66046上長田
5%
秋田32276男鹿真山
5%
岐阜52196宮之前
5%
奈良64041
5%
奈良64236下北山
5%
奈良64227風屋
5%
秋田32376桧木内
5%
奈良64101大宇陀
5%
奈良64076曽爾
5%
奈良64056田原本
5%
山形35541高峰
5%
山形35361大井沢
5%
秋田32091陣場
5%
宮城34311新川
5%
三重53321宮川
5%
宮城34241雄勝
5%
宮城34262泉ケ岳
5%
三重53416御浜
5%
山形35201櫛引
5%
新潟54721能生
5%
新潟54671松代
5%
宮城34012駒ノ湯
5%
山形35171瀬見
5%
新潟54236松浜
5%
新潟54621大湯
5%
宮城34526筆甫
5%
山形35071差首鍋
5%
新潟54506栃尾
5%
宮城34096川渡
5%
石川56192宝達志水
5%
三重53231粥見
5%
岩手33596附馬牛
5%
岩手33486沢内
5%
岩手33526川井
5%
滋賀60116南小松
5%
岩手33566豊沢
5%
滋賀60081朽木平良
5%
滋賀60026柳ケ瀬
5%
岩手33726米里
5%
三重53296南伊勢
5%
徳島71251木頭
5%
山形35256荒沢
5%
福井57026春江
5%
岩手33831祭畤
5%
石川56286白山河内
5%
岩手33841衣川
5%
秋田32181脇神
5%
山形35056酒田大沢
5%
愛知51311南知多
5%
長野48681宮田高原
5%
長野48466奈川
5%
群馬42326西野牧
5%
檜山24236石崎
5%
青森31036湯野川
5%
長野48516北相木
5%
群馬42261黒保根
5%
長野48556高遠
5%
長野48691杉島
5%
長野48371鹿教湯
5%
福島36597川前
5%
山梨49052乙女湖
5%
山梨49196古関
5%
静岡50056白糸
5%
静岡50112有東木
5%
青森31321大和山
5%
静岡50211熱海伊豆山
5%
島根68306赤名
5%
檜山24166潮見
5%
静岡50317高根山
5%
渡島23291戸井泊
5%
神奈川46076丹沢湖
5%
千葉45086東庄
5%
徳島71191京上
5%
東京44262八重見ヶ原
5%
東京44173大島北ノ山
5%
長野48146鬼無里
5%
日高22366幌満
5%
鳥取69052湖山
5%
島根68421三隅
5%
鳥取69041青谷
5%
長野48172笠岳
5%
島根68541吉賀
5%
埼玉43157浦山
5%
埼玉43151三峰
5%
埼玉43091上吉田
5%
檜山24156米岡
5%
静岡50232春野
5%
広島67471生口島
5%
茨城40241柿岡
5%
広島67191油木
5%
福島36726舘岩
5%
愛知51096蟹江
5%
青森31562温川
5%
愛知51071稲武
5%
広島67151大朝
5%
愛知51261セントレア
5%
茨城40066徳田
5%
茨城40041花園
5%
茨城40076大能
5%
岡山66287吉備中央
5%
静岡50391三倉
5%
静岡50416土肥
5%
青森31671戸来
5%
静岡50426湯ケ島
5%
静岡50427天城山
5%
茨城40181門井
5%
新潟54301瓢湖
2%
鹿児島88736中之島
2%
岐阜52192船山
2%
三重53401熊野新鹿
2%
宮崎87136北方
2%
岐阜52173ひるがの
2%
岐阜52152丹生川
2%
岐阜52137清見
2%
新潟54041弾崎
2%
新潟54097三面
2%
沖縄94011所野
2%
三重53307阿児
2%
新潟54311赤谷
2%
岐阜52131御母衣
2%
愛知51192阿蔵
2%
新潟54341
2%
沖縄94036川平
2%
鹿児島88506内之浦
2%
新潟54271羽茂
2%
愛知51241作手
2%
愛知51271一色
2%
宮崎87412赤江
2%
沖縄93051城辺
2%
鹿児島88211八重山
2%
三重53016北勢
2%
鹿児島88107さつま柏原
2%
鹿児島88901古仁屋
2%
鹿児島88101紫尾山
2%
三重53121笠取山
2%
沖縄91161胡屋
2%
三重53196小俣
2%
沖縄91166宮城島
2%
沖縄91236安次嶺
2%
岐阜52476伽藍
2%
岐阜52421付知
2%
宮崎87371国富
2%
宮崎87461深瀬
2%
岐阜52321関市板取
2%
沖縄92012旧東
2%
岐阜52286萩原
2%
鹿児島88331輝北
2%
岐阜52642上石津
2%
三重53287藤坂峠
2%
岐阜52221長滝
2%
新潟54406村松
2%
鹿児島88746平島
2%
鹿児島88392吉ケ別府
2%
徳島71266日和佐
2%
新潟54462宮寄上
2%
広島67231甲田
2%
高知74237船戸
2%
高知74238鳥形山
2%
広島67386本郷
2%
広島67371志和
2%
広島67351佐伯湯来
2%
高知74336佐喜浜
2%
広島67306安宿
2%
広島67292三入
2%
広島67271内黒山
2%
広島67251上下
2%
広島67217都志見
2%
広島67421廿日市津田
2%
広島67211王泊
2%
広島67161美土里
2%
広島67052君田
2%
広島67026道後山
2%
山口81146篠生
2%
岡山66421虫明
2%
山口81167羅漢山
2%
山口81228鹿野
2%
岡山66381佐屋
2%
岡山66346日応寺
2%
高知74188南国日章
2%
高知74166佐川
2%
岡山66276陣山
2%
愛媛73231上林
2%
徳島71231蒲生田
2%
徳島71211福原旭
2%
鳥取69222江尾
2%
鳥取69181佐治
2%
徳島72176竜王山
2%
鳥取69161関金
2%
鳥取69111鹿野
2%
愛媛73152富郷
2%
島根68501匹見
2%
愛媛73168松山南吉田
2%
愛媛73247成就社
2%
広島67566倉橋
2%
島根68346桜江
2%
愛媛73321獅子越峠
2%
島根68261掛合
2%
島根68181伯太
2%
愛媛73516御荘
2%
島根68056海士
2%
島根68046西郷岬
2%
高知74101池川
2%
広島67576呉市蒲刈
2%
高知74136大栃
2%
山口81271東厚保
2%
岡山66237旭西
2%
新潟54472室谷
2%
新潟54892樽本
2%
京都61001間人
2%
長崎84537上大津
2%
福井57051越廼
2%
石川56346白山白峰
2%
石川56301加賀中津原
2%
石川56232医王山
2%
石川56081門前
2%
富山55217立山芦峅
2%
富山55191南砺高宮
2%
富山55151秋ヶ島
2%
新潟54876平岩
2%
京都61096坂浦
2%
新潟54761塩沢
2%
新潟54737筒方
2%
新潟54666川谷
2%
新潟54661安塚
2%
熊本86407山江
2%
熊本86411五木
2%
熊本86461一勝地
2%
新潟54566守門
2%
熊本86478多良木
2%
熊本86481湯前横谷
2%
京都61031峰山
2%
京都61151睦寄
2%
岡山66226下呰部
2%
和歌山65036友ケ島
2%
岡山66091千屋
2%
岡山66056恩原
2%
山口81486安下庄
2%
福岡82036小呂島
2%
和歌山65321日置川
2%
福岡82068空港北町
2%
福岡82097東谷
2%
和歌山65311色川
2%
和歌山65127護摩壇山
2%
和歌山65106湯浅
2%
和歌山65021葛城山
2%
京都61192三和
2%
奈良64262葛川
2%
福岡82241早良脇山
2%
福岡82272英彦山
2%
福岡82316耳納山
2%
奈良64161天川
2%
大分83242椿ヶ鼻
2%
兵庫63071兎和野高原
2%
兵庫63032温泉
2%
京都61241須知
2%
京都61196綾部山家
2%
岡山66296福渡
2%

Score Distribution

Percentile by Number Answered

Percent of People with Each Score

Your Score History

You have not taken this quiz